| 000 | 01179nam a2200313 i 4500 | ||
|---|---|---|---|
| 003 | IT-RoINE | ||
| 005 | 20200513094243.0 | ||
| 008 | 040323s2002 sp | r ||1 ||spa d | ||
| 020 | _a847490675X | ||
| 040 |
_aSpMaBN _cSpMaBN IT-RoINE _dIT-RoINE |
||
| 041 | 1 |
_aspa _heng |
|
| 100 | 1 |
_aVan Kley, Dale K., _d1941- _956657 |
|
| 240 | 1 | 4 |
_aThe religious origins of the French Revolution. _lEspañol |
| 245 | 1 | 4 |
_aLos orígenes religiosos de la Revolución francesa : _bde Calvino a la Constitución civil (1560-1791) / _cDale van Kley. |
| 260 |
_aMadrid : _bEncuentro, _c2003. |
||
| 300 |
_a558 p. ; _c23 cm. |
||
| 336 |
_2rdacontent _atext |
||
| 337 |
_2rdamedia _aunmediated |
||
| 338 |
_2rdacarrier _avolume |
||
| 490 | 1 |
_aEnsayos ; _v186 |
|
| 500 | _aTraducción de: The religious origins of the French Revolution, por Carmen González del Yerro Valdés. | ||
| 500 | _aIncluye índice. | ||
| 504 | _aIncluye bibliografía. | ||
| 650 | 4 |
_aIglesia y Estado _zFrancia _ySiglo 18o. _956658 |
|
| 651 | 4 |
_aFrancia _xHistoria _y1789-1799 (Revolución) _97182 |
|
| 700 | 1 |
_aGonzález del Yerro Valdés, Carmen _956659 |
|
| 830 | 0 |
_aEnsayos (Encuentro) ; _v186 _91943 |
|
| 942 | _cMTS | ||
| 999 |
_c28782 _d28782 |
||